| 000 -LEADER |
| fixed length control field |
00858nam a2200241Ia 4500 |
| 001 - CONTROL NUMBER |
| control field |
18687 |
| 003 - CONTROL NUMBER IDENTIFIER |
| control field |
GE_BSU |
| 008 - FIXED-LENGTH DATA ELEMENTS--GENERAL INFORMATION |
| fixed length control field |
181216s||||||||xx |||||||||||||| ||und|| |
| 040 ## - CATALOGING SOURCE |
| Transcribing agency |
GE_BSU |
| 080 ## - UNIVERSAL DECIMAL CLASSIFICATION NUMBER |
| Universal Decimal Classification number |
621.3 |
| 100 ## - MAIN ENTRY--PERSONAL NAME |
| Personal name |
Березкина, Т.Ф. Гусев, Н.Г. Масленников, В.В. |
| 245 ## - TITLE STATEMENT |
| Title |
Задачник по общей элетротехнике с основами электроники |
| 245 ## - TITLE STATEMENT |
| Statement of responsibility, etc. |
Ред. О.А. Орехова |
| 250 ## - EDITION STATEMENT |
| Edition statement |
Изд. 2-е перер. идоп |
| 260 ## - PUBLICATION, DISTRIBUTION, ETC. |
| Place of publication, distribution, etc. |
Москва |
| 260 ## - PUBLICATION, DISTRIBUTION, ETC. |
| Name of publisher, distributor, etc. |
Высшая школа |
| 260 ## - PUBLICATION, DISTRIBUTION, ETC. |
| Date of publication, distribution, etc. |
1991 |
| 300 ## - PHYSICAL DESCRIPTION |
| Extent |
384стр.20см. |
| 300 ## - PHYSICAL DESCRIPTION |
| Dimensions |
Библ. стр.379 |
| 653 ## - INDEX TERM--UNCONTROLLED |
| Uncontrolled term |
Задачник по общей элетротехнике с основами электроники |
| 653 ## - INDEX TERM--UNCONTROLLED |
| Uncontrolled term |
ელექტროტექნიკა |
| 942 ## - ADDED ENTRY ELEMENTS (KOHA) |
| Koha item type |
წიგნი |